'E' TV Shows by Picture Quiz Stats

Quiz Updated Dec 6, 2013

Challenge
Share
Tweet
Score 0/16 Timer 05:00
5 Plays Today
Location Show % Correct
ER
88.9%
Everybody Loves Raymond
88.8%
Ellen
88.7%
Emeril
65.8%
Ed
65.6%
Extreme Makeover: Home Edition
65.1%
Everybody Hates Chris
60.2%
Entourage
58.3%
Location Show % Correct
The Ed Sullivan Show
56.2%
Even Stevens
40.6%
Eight is Enough
38.6%
Emergency!
30.9%
Eastbound and Down
30.1%
Everwood
26%
Early Edition
24.9%
The Electric Company
24.3%

You're not logged in!

Compare scores with friends on all Sporcle quizzes.
Sign Up with Email
OR
Log In

You Might Also Like...

Show Comments

Extras

Top Quizzes Today


Score Distribution

Your Account Isn't Verified!

In order to create a playlist on Sporcle, you need to verify the email address you used during registration. Go to your Sporcle Settings to finish the process.

Report this User

Report this user for behavior that violates our Community Guidelines.

Details: